| 000 | 01717nam0a2200361 4500 | ||
|---|---|---|---|
| 001 | RU\NLR\b_ik\199238 | ||
| 005 | 20250613194956.0 | ||
| 021 |
_aRU _b2012-99365 _97332 |
||
| 035 | _a(NLR Aleph) 009995101 | ||
| 090 |
_a9756119 _c9756119 |
||
| 100 | _a20130118d2012 |||y0rusy50 ca | ||
| 101 | 0 |
_aeng _drus |
|
| 102 | _aRU | ||
| 105 | _aa ||||||||| | ||
| 200 | 1 |
_aGeometry of Hermite-Padé approximants for system of functions {f, f2} with three branch points _fA.I. Aptekarev, D.N. Tulyakov |
|
| 210 |
_aМосква _cИПМ РАН _d2012 |
||
| 215 |
_a26 с. _cил. _d20 |
||
| 225 | 1 |
_aПрепринт _fРос. акад. наук, Ин-т прикладной математики им. М.В. Келдыша _x2071-2898 _vN°77 за 2012 |
|
| 225 | 1 |
_aKeldysh institute preprints _dПрепринты ИПМ им. М.В. Келдыша |
|
| 300 | _aНа обороте тит. л.: Геометрия аппроксимаций Эрмита-Паде для системы функций {f, f2} с тремя точками ветвления | ||
| 300 | _aРез. на рус. яз. | ||
| 320 | _aБиблиогр.: с. 24-25 (20 назв.) | ||
| 517 | 0 | _aГеометрия аппроксимаций Эрмита-Паде для системы функций {f, f2} с тремя точками ветвления | |
| 606 | 1 |
_aПаде аппроксимация _92105642 _3RU\NLR\AUTH\661273004 |
|
| 686 | 1 | _aВ161.49 | |
| 700 | 1 |
_aAptekarev _bA. I. _gAleksandr Ivanovič _4070 |
|
| 701 | 1 |
_aTuljakov _bD. N. _gDmitrij Nikolaevič _4070 |
|
| 801 | 0 |
_aRU _bNLR _c20130118 _gRCR |
|
| 801 | 1 |
_aRU _bNLR _c20130118 |
|
| 942 | _cBOOK | ||
| 980 | _aNB | ||